Ellinger's Modern banking law / (Record no. 447)
| 000 -LEADER | |
|---|---|
| fixed length control field | 01438cam a2200361 a 4500 |
| 001 - CONTROL NUMBER | |
| control field | 14022167 |
| 003 - CONTROL NUMBER IDENTIFIER | |
| control field | OSt |
| 005 - DATE AND TIME OF LATEST TRANSACTION | |
| control field | 20140116120828.0 |
| 008 - FIXED-LENGTH DATA ELEMENTS--GENERAL INFORMATION | |
| fixed length control field | 050630s2006 enk b 001 0 eng |
| 010 ## - LIBRARY OF CONGRESS CONTROL NUMBER | |
| LC control number | 2005018939 |
| 020 ## - INTERNATIONAL STANDARD BOOK NUMBER | |
| International Standard Book Number | 9780199281190 |
| 040 ## - CATALOGING SOURCE | |
| Original cataloging agency | DLC |
| Transcribing agency | DLC |
| Modifying agency | DLC |
| 043 ## - GEOGRAPHIC AREA CODE | |
| Geographic area code | e-uk--- |
| 050 00 - LIBRARY OF CONGRESS CALL NUMBER | |
| Classification number | KD1715.E45 2006 |
| 100 1# - MAIN ENTRY--PERSONAL NAME | |
| Personal name | Ellinger, E. P. |
| 245 10 - TITLE STATEMENT | |
| Title | Ellinger's Modern banking law / |
| Statement of responsibility, etc | E.P. Ellinger, Eva Lomnicka and Richard Hooley. |
| 246 30 - VARYING FORM OF TITLE | |
| Title proper/short title | Modern banking law |
| 250 ## - EDITION STATEMENT | |
| Edition statement | 4th ed. |
| 260 ## - PUBLICATION, DISTRIBUTION, ETC. (IMPRINT) | |
| Place of publication, distribution, etc | Oxford : |
| Name of publisher, distributor, etc | Oxford University Press , |
| Date of publication, distribution, etc | 2006. |
| 300 ## - PHYSICAL DESCRIPTION | |
| Extent | lxxxii, 886 p. |
| 500 ## - GENERAL NOTE | |
| General note | Rev. ed. of: Modern banking law. 3rd ed. 2002. |
| 504 ## - BIBLIOGRAPHY, ETC. NOTE | |
| Bibliography, etc | Includes bibliographical references and index. |
| 650 #0 - SUBJECT ADDED ENTRY--TOPICAL TERM | |
| Topical term or geographic name as entry element | Banking law |
| Geographic subdivision | Great Britain. |
| 700 1# - ADDED ENTRY--PERSONAL NAME | |
| Personal name | Lomnicka, Eva Z. |
| 700 1# - ADDED ENTRY--PERSONAL NAME | |
| Personal name | Hooley, Richard |
| 700 1# - ADDED ENTRY--PERSONAL NAME | |
| Personal name | Ellinger, E. P. |
| Fuller form of name | (Eliahu Peter) |
| Title of a work | Modern banking law. |
| 856 41 - ELECTRONIC LOCATION AND ACCESS | |
| Materials specified | Table of contents only |
| Uniform Resource Identifier | <a href="http://www.loc.gov/catdir/toc/ecip0515/2005018939.html">http://www.loc.gov/catdir/toc/ecip0515/2005018939.html</a> |
| 856 42 - ELECTRONIC LOCATION AND ACCESS | |
| Materials specified | Publisher description |
| Uniform Resource Identifier | <a href="http://www.loc.gov/catdir/enhancements/fy0637/2005018939-d.html">http://www.loc.gov/catdir/enhancements/fy0637/2005018939-d.html</a> |
| 856 42 - ELECTRONIC LOCATION AND ACCESS | |
| Materials specified | Contributor biographical information |
| Uniform Resource Identifier | <a href="http://www.loc.gov/catdir/enhancements/fy0724/2005018939-b.html">http://www.loc.gov/catdir/enhancements/fy0724/2005018939-b.html</a> |
| 906 ## - LOCAL DATA ELEMENT F, LDF (RLIN) | |
| a | 7 |
| b | cbc |
| c | orignew |
| d | 1 |
| e | ecip |
| f | 20 |
| g | y-gencatlg |
| 942 ## - ADDED ENTRY ELEMENTS (KOHA) | |
| Source of classification or shelving scheme | |
| Koha item type | Book |
| Withdrawn status | Lost status | Source of classification or shelving scheme | Damaged status | Not for loan | Home library | Current library | Date acquired | Source of acquisition | Total Checkouts | Total Renewals | Full call number | Barcode | Date last seen | Date checked out | Copy number | Price effective from | Koha item type |
|---|---|---|---|---|---|---|---|---|---|---|---|---|---|---|---|---|---|
| Riara University Library | Riara University Library | 20/10/2011 | Purchase | 6 | 3 | KD1715.E45 2006 | 767/11 | 13/08/2018 | 07/08/2018 | C.1 | 20/10/2011 | Book | |||||
| Riara University Library | Riara University Library | 20/10/2011 | Purchase | 2 | KD1715.E45 2006 | 768/11 | 20/07/2018 | 03/07/2018 | C.2 | 20/10/2011 | Book | ||||||
| Riara University Library | Riara University Library | 20/10/2011 | Purchase | 3 | 1 | KD1715.E45 2006 | 769/11 | 29/08/2018 | 05/07/2018 | C.3 | 20/10/2011 | Book |
